The nature of rules, regularities and units in language : (Record no. 79971)
[ view plain ]
| 000 -LEADER | |
|---|---|
| fixed length control field | 01985nam a2200433 i 4500 |
| 001 - CONTROL NUMBER | |
| control field | ebr10819993 |
| 003 - CONTROL NUMBER IDENTIFIER | |
| control field | CaPaEBR |
| 006 - FIXED-LENGTH DATA ELEMENTS--ADDITIONAL MATERIAL CHARACTERISTICS--GENERAL INFORMATION | |
| fixed length control field | m o d |
| 007 - PHYSICAL DESCRIPTION FIXED FIELD--GENERAL INFORMATION | |
| fixed length control field | cr cn||||||||| |
| 008 - FIXED-LENGTH DATA ELEMENTS--GENERAL INFORMATION | |
| fixed length control field | 131122t20142014gw ad ob 001 0 eng|d |
| 020 ## - INTERNATIONAL STANDARD BOOK NUMBER | |
| Cancelled/invalid ISBN | 9783110318326 (hardcover : alk. paper) |
| International Standard Book Number | 9783110318715 (e-book) |
| 040 ## - CATALOGING SOURCE | |
| Original cataloging agency | CaPaEBR |
| Language of cataloging | eng |
| Description conventions | rda |
| -- | pn |
| Transcribing agency | CaPaEBR |
| 035 ## - SYSTEM CONTROL NUMBER | |
| System control number | (OCoLC)864429603 |
| 050 14 - LIBRARY OF CONGRESS CALL NUMBER | |
| Classification number | P302.3 |
| Item number | .K74 2014eb |
| 082 04 - DEWEY DECIMAL CLASSIFICATION NUMBER | |
| Classification number | 401/.9 |
| Edition number | 23 |
| 100 1# - MAIN ENTRY--PERSONAL NAME | |
| Personal name | Kreyer, Rolf. |
| 245 14 - TITLE STATEMENT | |
| Title | The nature of rules, regularities and units in language : |
| Remainder of title | a network model of the language system and of language use / |
| Statement of responsibility, etc | Rolf Kreyer. |
| 264 #1 - PRODUCTION, PUBLICATION, DISTRIBUTION, MANUFACTURE, AND COPYRIGHT NOTICE | |
| Place of production, publication, distribution, manufacture | Berlin : |
| Name of producer, publisher, distributor, manufacturer | De Gruyter Mouton, |
| Date of production, publication, distribution, manufacture, or copyright notice | [2014] |
| Date of production, publication, distribution, manufacture, or copyright notice | �2014 |
| 300 ## - PHYSICAL DESCRIPTION | |
| Extent | 1 online resource (302 pages) : |
| Other physical details | illustrations. |
| 336 ## - CONTENT TYPE | |
| Content type term | text |
| Source | rdacontent |
| 337 ## - MEDIA TYPE | |
| Media type term | computer |
| Source | rdamedia |
| 338 ## - CARRIER TYPE | |
| Carrier type term | online resource |
| Source | rdacarrier |
| 490 1# - SERIES STATEMENT | |
| Series statement | Cognitive linguistics research, |
| International Standard Serial Number | 1861-4132 ; |
| Volume number/sequential designation | volume 51 |
| 504 ## - BIBLIOGRAPHY, ETC. NOTE | |
| Bibliography, etc | Includes bibliographical references and index. |
| 588 ## - SOURCE OF DESCRIPTION NOTE | |
| Source of description note | Description based on print version record. |
| 590 ## - LOCAL NOTE (RLIN) | |
| Local note | Electronic reproduction. Palo Alto, Calif. : ebrary, 2014. Available via World Wide Web. Access may be limited to ebrary affiliated libraries. |
| 650 #0 - SUBJECT ADDED ENTRY--TOPICAL TERM | |
| Topical term or geographic name as entry element | Discourse analysis |
| General subdivision | Data processing. |
| Topical term or geographic name as entry element | Cognitive grammar. |
| Topical term or geographic name as entry element | Language acquisition. |
| Topical term or geographic name as entry element | System design. |
| Topical term or geographic name as entry element | Computational linguistics. |
| 655 #0 - INDEX TERM--GENRE/FORM | |
| Genre/form data or focus term | Electronic books. |
| 776 08 - ADDITIONAL PHYSICAL FORM ENTRY | |
| Display text | Print version: |
| Main entry heading | Kreyer, Rolf. |
| Title | nature of rules, regularities and units in language : a network model of the language system and of language use. |
| Place, publisher, and date of publication | Berlin : De Gruyter Mouton, [2014] |
| Physical description | x, 292 pages |
| Series data for related item | Cognitive linguistics research ; volume 51 |
| International Standard Serial Number | 1861-4132 ; |
| International Standard Book Number | 9783110318326 |
| Record control number | (DLC) 2013047118 |
| 797 2# - LOCAL ADDED ENTRY--CORPORATE NAME (RLIN) | |
| Corporate name or jurisdiction name as entry element | ebrary. |
| 830 #0 - SERIES ADDED ENTRY--UNIFORM TITLE | |
| Uniform title | Cognitive linguistics research ; |
| Volume number/sequential designation | 51. |
| 856 40 - ELECTRONIC LOCATION AND ACCESS | |
| Uniform Resource Identifier | <a href="http://site.ebrary.com/lib/rucke/Doc?id=10819993">http://site.ebrary.com/lib/rucke/Doc?id=10819993</a> |
| Public note | An electronic book accessible through the World Wide Web; click to view |
No items available.
